000 01345nam a22002297a 4500
001 6679
003 FISKH
005 20250520124751.0
008 250520b cb ||||| |||| 00| 0 eng d
040 _aFISKH
_bkhr
_cFISKH
_dFISKH
082 _a510
100 _aBorith, Tong
245 _aកំនែលំហាត់ សមីការ-វិសមីការ​​/
_cអ្នករៀបរៀង តុង បូរិទ្ធ
260 _aភ្នំពេញ :
_bពៅឡាំងគ្រុយ ,
_c២០០០ .
300 _a143 pages :
_billustrations ;
_c21 cm .
520 _aសៀវភៅនេះជាជំនួយពិសេសសំរាប់សិស្សានុសិស្សដែលមានបំនងចង់ក្លាយខ្លួនជាសិស្សពូកែផ្នែកមុខវិជ្ជាគណិតវិទ្យា និងប្រលងចូលមហាវិទ្យាល័យនានា។​
520 _aThis book is a special resource for students who aspire to become outstanding performers in mathematics and who are preparing for entrance exams to various universities."
650 _aសមីការ-វិសមីការ
_vគណិតវិទ្យា
650 _aSamika-Visamika
_vMathematics
942 _2ddc
_cBK
_n0
999 _c6679
_d6679